[Event "XVI C.to Mondiale seniores femminile"]
[Site "Arvier ITA"]
[Date "2006.09.16"]
[Round "6"]
[White "Beliaeva, Natalia"]
[Black "Hoose, Hannelore"]
[Result "1-0"]
[WhiteElo "2078"]
[BlackElo "1828"]
[PlyCount "95"]
[EventDate "2006.09.11"]

1. f4 d5 2. Nf3 g6 3. e3 Bg7 4. Nc3 Nf6 5. b3 O-O 6. Bb2 c6 7. Be2 Re8 8. O-O
b6 9. Ne5 Bb7 10. Qe1 Nbd7 11. d4 e6 12. g4 Nxe5 13. fxe5 Ne4 14. Nxe4 dxe4 15.
Qf2 Qd7 16. Rad1 Qc7 17. Qh4 Rad8 18. Rd2 a6 19. Bd1 c5 20. Rdf2 Rd7 21. c3
cxd4 22. cxd4 Qd8 23. Rf6 b5 24. Qf2 Qc7 25. Ba3 Bd5 26. g5 a5 27. Bd6 Qb7 28.
Rf4 Bf8 29. Bxf8 Rxf8 30. Qh4 Kh8 31. Bc2 Qc6 32. Qh6 Qc8 33. Rh4 f5 34. gxf6
Kg8 35. Rf2 Qe8 36. Bxe4 Bxe4 37. Rxe4 Rdf7 38. Rc2 Qa8 39. Rf4 Rc8 40. Rff2 b4
41. h4 Kh8 42. Qf4 Qb7 43. Rxc8+ Qxc8 44. Qe4 Qd8 45. Rc2 Qe8 46. Qg4 Ra7 47.
d5 h5 48. Qxe6 1-0

[Event "XVI C.to Mondiale seniores femminile"]
[Site "Arvier ITA"]
[Date "2006.09.16"]
[Round "6"]
[White "Blagonadezhnaya, Ideya"]
[Black "Abdikasova, Panu"]
[Result "1/2-1/2"]
[WhiteElo "2049"]
[BlackElo "2035"]
[PlyCount "89"]
[EventDate "2006.09.11"]

1. e4 c5 2. g3 Nc6 3. Bg2 d6 4. Ne2 g6 5. d3 Bg7 6. c3 e5 7. O-O Nge7 8. Be3
O-O 9. Qd2 Bd7 10. Bh6 Rb8 11. Na3 b5 12. Nc2 b4 13. Bxg7 Kxg7 14. f4 f6 15. f5
bxc3 16. bxc3 Qa5 17. g4 g5 18. Ne3 Rb7 19. Nc4 Qc7 20. Rab1 Rfb8 21. Qc2 Rxb1
22. Rxb1 Rxb1+ 23. Qxb1 Nc8 24. Ng3 Be8 25. Nf1 Qb8 26. Qxb8 Nxb8 27. Kf2 Kf7
28. Ke3 Nc6 29. Nfd2 Ke7 30. Bf3 Nb6 31. Bd1 Nxc4+ 32. Nxc4 Bf7 33. Bb3 Bxc4
34. Bxc4 Na5 35. Bd5 Kd7 36. d4 cxd4+ 37. cxd4 Nc6 38. Bxc6+ Kxc6 39. Kd3 Kb5
40. Kc3 a5 41. dxe5 dxe5 42. Kb3 a4+ 43. Kc3 Kc5 44. a3 Kb5 45. Kd3 1/2-1/2

[Event "XVI C.to Mondiale seniores femminile"]
[Site "Arvier ITA"]
[Date "2006.09.16"]
[Round "6"]
[White "Fatalibekova, Elena"]
[Black "Epstein, Esther"]
[Result "1/2-1/2"]
[WhiteElo "2264"]
[BlackElo "2182"]
[PlyCount "48"]
[EventDate "2006.09.11"]

1. e4 c5 2. Nf3 e6 3. d4 cxd4 4. Nxd4 a6 5. Nc3 Qc7 6. f4 Bb4 7. Qf3 Nc6 8. Nb3
Na5 9. Nxa5 Bxa5 10. Bd2 Ne7 11. Bd3 b5 12. O-O Bb6+ 13. Kh1 Bb7 14. Qh5 Qc6
15. a3 g6 16. Qh3 f5 17. Rae1 O-O-O 18. a4 b4 19. Na2 a5 20. b3 Qd6 21. Bc1 Bd4
22. Bd2 Bc5 23. Bc1 Bd4 24. Bd2 Bc5 1/2-1/2

[Event "XVI C.to Mondiale seniores femminile"]
[Site "Arvier ITA"]
[Date "2006.09.16"]
[Round "6"]
[White "Fomina, Tatyana V."]
[Black "Khmiadashvili, Tamar"]
[Result "0-1"]
[WhiteElo "2220"]
[BlackElo "2210"]
[PlyCount "188"]
[EventDate "2006.09.11"]

1. d4 d5 2. Nc3 g6 3. Bg5 Bg7 4. Qd2 c6 5. O-O-O h6 6. Bh4 Nf6 7. Bxf6 exf6 8.
e4 dxe4 9. Nxe4 O-O 10. Nf3 Bg4 11. Be2 Qe7 12. Nc3 Nd7 13. h3 Be6 14. Rhe1 Nb6
15. Bd3 Rfe8 16. Re2 f5 17. Kb1 Qd6 18. h4 Bd5 19. Nxd5 Nxd5 20. Bc4 Re4 21.
Bd3 Rxe2 22. Bxe2 Nf6 23. Bc4 b5 24. Bb3 Ne4 25. Qe1 Re8 26. Qf1 a6 27. c3 Qf4
28. Bc2 g5 29. hxg5 hxg5 30. Bxe4 fxe4 31. Ng1 Qf5 32. Ka1 Qd5 33. Ne2 f5 34.
g3 a5 35. Qh3 Re6 36. Qh5 Qd8 37. Nc1 a4 38. a3 Rd6 39. Qe2 Qd7 40. Qe3 Bh6 41.
Rh1 Qe6 42. Qe2 g4 43. Na2 Kg7 44. Nb4 Qb3 45. Nc2 Rg6 46. Ne3 Qe6 47. d5 Qe5
48. dxc6 Rxc6 49. Rd1 Bxe3 50. Qxe3 Qf6 51. Qa7+ Kg6 52. Qd7 Qe6 53. Qd8 Rc8
54. Qd4 Rc4 55. Qe3 Rc7 56. Qd4 Rh7 57. Qd8 e3 58. fxe3 Rh2 59. c4 Qe5 60. Rd6+
Kh5 61. Rd4 bxc4 62. Qd7 Rf2 63. Qf7+ Kg5 64. Qxc4 Qxe3 65. Qg8+ Kh5 66. Qh7+
Qh6 67. Qf7+ Qg6 68. Qd5 Rf1+ 69. Ka2 Qf6 70. Rd2 Re1 71. Rh2+ Kg6 72. Rc2 Qf7
73. Rc6+ Kg7 74. Qxf7+ Kxf7 75. b4 Re2+ 76. Kb1 Re3 77. Kc2 Rxa3 78. b5 Rxg3
79. Ra6 Rb3 80. Rxa4 Rxb5 81. Kd2 Kf6 82. Ke3 Rb3+ 83. Kf2 Kg5 84. Kg2 Kh4 85.
Rf4 Rb2+ 86. Kf1 Kg5 87. Ra4 g3 88. Kg1 f4 89. Rc4 Kg4 90. Ra4 Re2 91. Kf1 Rf2+
92. Kg1 Kh3 93. Ra8 Rb2 94. Ra1 f3 0-1

[Event "XVI C.to Mondiale seniores femminile"]
[Site "Arvier ITA"]
[Date "2006.09.16"]
[Round "6"]
[White "Lebel Arias, Julia"]
[Black "Erenska-Barlo, Hanna"]
[Result "1/2-1/2"]
[WhiteElo "1965"]
[BlackElo "2293"]
[PlyCount "74"]
[EventDate "2006.09.11"]

1. d4 d6 2. Nf3 Nd7 3. Bg5 c6 4. c3 Qb6 5. Qb3 Ngf6 6. Nbd2 Qxb3 7. axb3 h6 8.
Bxf6 exf6 9. e3 f5 10. Bd3 g6 11. b4 Nb6 12. Nb3 a6 13. Na5 Be7 14. O-O O-O 15.
Rfe1 Re8 16. e4 fxe4 17. Bxe4 Kf8 18. g3 Rb8 19. Nd2 Be6 20. f4 Rec8 21. Bxg6
c5 22. bxc5 dxc5 23. Be4 cxd4 24. Nxb7 dxc3 25. bxc3 Nc4 26. Nf1 Rc7 27. Bg2
Rcxb7 28. Bxb7 Rxb7 29. Rxe6 fxe6 30. Rxa6 Kf7 31. Rc6 Nd6 32. Ne3 Rb1+ 33. Kf2
Rb2+ 34. Kf3 Rxh2 35. Ng4 Rc2 36. Nxh6+ Ke8 37. Ng4 Nb5 1/2-1/2

[Event "XVI C.to Mondiale seniores femminile"]
[Site "Arvier ITA"]
[Date "2006.09.16"]
[Round "6"]
[White "Saunina, Ludmila"]
[Black "Dragasevic Georgieva, Antonina"]
[Result "1-0"]
[WhiteElo "2290"]
[BlackElo "2134"]
[PlyCount "101"]
[EventDate "2006.09.11"]

1. e4 d5 2. exd5 Qxd5 3. Nc3 Qa5 4. d4 Nf6 5. Nf3 Bg4 6. h3 Bf5 7. Bc4 e6 8.
Bd2 Qb6 9. Bb3 Nc6 10. Qe2 Nxd4 11. Nxd4 Qxd4 12. Qb5+ Nd7 13. Qxb7 Qe5+ 14.
Be3 Rb8 15. Qc6 Rb6 16. Qa4 Rb4 17. Qxa7 Bc5 18. Qa8+ Rb8 19. Qf3 Bxe3 20. Qxe3
Qa5 21. Qd4 Qe5+ 22. Qxe5 Nxe5 23. f4 Nd7 24. O-O-O Nc5 25. Bc4 Rb4 26. b3 Ne4
27. Nxe4 Bxe4 28. Rd2 Ke7 29. Re1 f5 30. g4 g6 31. Red1 Bc6 32. Re1 Be4 33.
gxf5 Bxf5 34. h4 Rb6 35. a4 Ra8 36. Re5 Rd6 37. a5 h6 38. a6 Rxd2 39. Kxd2 Kd6
40. Re1 Kc5 41. Bxe6 Rxa6 42. Bxf5 gxf5 43. Re5+ Kd6 44. Rxf5 Ke6 45. Rh5 Kf7
46. Rc5 Rd6+ 47. Ke3 c6 48. Ke4 Kf6 49. f5 Ke7 50. Ke5 Rf6 51. Ra5 1-0

[Event "XVI C.to Mondiale seniores femminile"]
[Site "Arvier ITA"]
[Date "2006.09.18"]
[Round "7"]
[White "Abdikasova, Panu"]
[Black "Fomina, Tatyana V."]
[Result "0-1"]
[WhiteElo "2035"]
[BlackElo "2220"]
[PlyCount "76"]
[EventDate "2006.09.11"]

1. e4 e6 2. c3 d5 3. e5 b6 4. Nf3 Qd7 5. d3 Ne7 6. g3 Ng6 7. Bg2 f6 8. d4 Ba6
9. Nbd2 Be7 10. Nf1 Nc6 11. exf6 gxf6 12. h4 Bd6 13. Ne3 f5 14. h5 Nge7 15. Rh4
Rg8 16. Bh3 Nc8 17. h6 Be7 18. Rh5 Nd6 19. Qc2 Bf6 20. g4 Qf7 21. Nh2 fxg4 22.
Nhxg4 Be7 23. Re5 Bb7 24. Nf1 Ne4 25. Rxe4 dxe4 26. Qxe4 O-O-O 27. Ne5 Nxe5 28.
Qxe5 Rg6 29. Be3 Bd6 30. Qb5 Qf3 31. Ng3 Bxg3 32. Qf1 Bh2 33. Kd2 Rg1 34. Bxe6+
Kb8 35. Qxg1 Bxg1 36. Rxg1 Ba6 37. Rg7 Qe2+ 38. Kc1 Bd3 0-1

[Event "XVI C.to Mondiale seniores femminile"]
[Site "Arvier ITA"]
[Date "2006.09.18"]
[Round "7"]
[White "Blagonadezhnaya, Ideya"]
[Black "Lebel Arias, Julia"]
[Result "1/2-1/2"]
[WhiteElo "2049"]
[BlackElo "1965"]
[PlyCount "116"]
[EventDate "2006.09.11"]

1. e4 c6 2. d4 g6 3. Nf3 d6 4. Be2 Bg7 5. O-O Nh6 6. h3 f6 7. Be3 O-O 8. Nc3
Nf7 9. Qd2 b5 10. a3 a6 11. Nh2 e5 12. f4 Re8 13. Rad1 Qe7 14. fxe5 dxe5 15.
Ng4 exd4 16. Bxd4 Bxg4 17. Bxg4 h5 18. Bf3 Nd7 19. Qf2 Nde5 20. Ne2 Rad8 21.
Nf4 Rd7 22. Bc5 Qd8 23. Rxd7 Qxd7 24. Rd1 Qc8 25. Qg3 Ng5 26. h4 Ne6 27. Be3
Nxf4 28. Bxf4 Kh7 29. Bxe5 Rxe5 30. Qf4 Qe6 31. Qd2 Qc4 32. Qd3 Qc5+ 33. Kh2
Bh6 34. b4 Qe7 35. Qd7 Re6 36. g3 Bf8 37. Qc8 Rd6 38. Rd3 Kg7 39. Qxa6 Qe5 40.
Qb6 Rxd3 41. cxd3 Qb2+ 42. Bg2 Bd6 43. d4 Qf2 44. e5 fxe5 45. Qxc6 Qxd4 46.
Qxb5 Kh6 47. Qd5 Qb6 48. Qg8 Qc7 49. Qh8+ Qh7 50. Qxh7+ Kxh7 51. Be4 Kg7 52.
Kg2 Kf6 53. Bf3 Kf5 54. Bc6 e4 55. Bd7+ Kf6 56. Bc6 Kf5 57. Bd7+ Kf6 58. Bc6
Kf5 1/2-1/2

[Event "XVI C.to Mondiale seniores femminile"]
[Site "Arvier ITA"]
[Date "2006.09.18"]
[Round "7"]
[White "Epstein, Esther"]
[Black "Dragasevic Georgieva, Antonina"]
[Result "0-1"]
[WhiteElo "2182"]
[BlackElo "2134"]
[PlyCount "104"]
[EventDate "2006.09.11"]

1. e4 e6 2. Nf3 d5 3. Nc3 c5 4. Bb5+ Bd7 5. exd5 exd5 6. Qe2+ Qe7 7. Nxd5 Bxb5
8. Nc7+ Kd8 9. Qxe7+ Bxe7 10. Nxb5 Nc6 11. O-O a6 12. Na3 b5 13. c3 Kc7 14. d4
cxd4 15. cxd4 Bxa3 16. bxa3 Nge7 17. Bf4+ Kb7 18. a4 b4 19. a3 Nd5 20. Bd6 a5
21. axb4 axb4 22. Rfb1 Rhd8 23. Bc5 Ka6 24. Ne5 Nxe5 25. dxe5 Ka5 26. Bd6 Rdc8
27. f4 g6 28. Rb2 Rc4 29. g3 Rac8 30. Kf2 Rc2+ 31. Rxc2 Rxc2+ 32. Kf3 b3 33. e6
fxe6 34. Be5 Nc3 35. Bxc3+ Rxc3+ 36. Ke4 b2 37. Rb1 Rb3 38. Ke5 Kxa4 39. Kxe6
Ka3 40. Kf6 Ka2 41. Re1 b1=Q 42. Rxb1 Rxb1 43. Kg7 Rb7+ 44. Kh6 Kb3 45. h4 Kc4
46. h5 gxh5 47. Kxh5 Kd5 48. g4 Ke6 49. Kg5 Rg7+ 50. Kh5 Kf6 51. Kh4 h6 52. Kh5
Rg8 0-1

[Event "XVI C.to Mondiale seniores femminile"]
[Site "Arvier ITA"]
[Date "2006.09.18"]
[Round "7"]
[White "Erenska-Barlo, Hanna"]
[Black "Hoose, Hannelore"]
[Result "1-0"]
[WhiteElo "2293"]
[BlackElo "1828"]
[PlyCount "113"]
[EventDate "2006.09.11"]

1. e4 e6 2. Qe2 c5 3. Nf3 Nc6 4. c3 d6 5. g3 g6 6. Bg2 Bg7 7. O-O Nge7 8. Rd1
O-O 9. d4 cxd4 10. cxd4 d5 11. e5 b6 12. Nc3 a6 13. Bf4 Bd7 14. Qd2 Na5 15. b3
Rc8 16. Rac1 Qe8 17. h3 Rc7 18. Nh2 Qb8 19. Ng4 Bc8 20. Nf6+ Kh8 21. g4 Ng8 22.
Qe3 Bb7 23. Qg3 Rfc8 24. Rd3 Nc6 25. Qh4 h6 26. Nxg8 Kxg8 27. Bxh6 Bxh6 28.
Qxh6 Nxd4 29. Rxd4 Rxc3 30. Re1 Qc7 31. Bf1 Rc1 32. Rxc1 Qxc1 33. Qxc1 Rxc1 34.
Kg2 b5 35. h4 Bc8 36. Rd2 Kg7 37. Bd3 Rc5 38. b4 Rc7 39. f4 Bb7 40. Rc2 Rxc2+
41. Bxc2 Bc6 42. Kf2 Be8 43. Ke3 f6 44. Kd4 -- 45. Bd3 f5 46. g5 Bc6 47. Be2
Kf7 48. Kc5 Ba8 49. Bf3 Ke7 50. Kb6 Kd7 51. Kxa6 Kc6 52. h5 gxh5 53. g6 Bb7+
54. Ka5 Kc7 55. g7 Bc6 56. g8=Q Bd7 57. Bxh5 1-0

[Event "XVI C.to Mondiale seniores femminile"]
[Site "Arvier ITA"]
[Date "2006.09.18"]
[Round "7"]
[White "Khmiadashvili, Tamar"]
[Black "Fatalibekova, Elena"]
[Result "0-1"]
[WhiteElo "2210"]
[BlackElo "2264"]
[PlyCount "100"]
[EventDate "2006.09.11"]

1. d4 Nf6 2. Nf3 c5 3. e3 g6 4. b3 Bg7 5. Bb2 O-O 6. Be2 d5 7. O-O cxd4 8. exd4
Bf5 9. Nbd2 Qc7 10. c4 Nc6 11. Ne5 Rad8 12. Nxc6 bxc6 13. c5 Ne4 14. b4 Qb8 15.
g4 Qxb4 16. Nb3 Bd7 17. Qc1 a5 18. f3 a4 19. fxe4 axb3 20. e5 bxa2 21. Rxa2 f6
22. Bc3 Qb8 23. exf6 Rxf6 24. Rxf6 Bxf6 25. Rb2 Qc7 26. g5 Bg7 27. Qe3 Bc8 28.
Be1 e5 29. Bg3 exd4 30. Bxc7 dxe3 31. Rb8 Re8 32. Bg4 Bd4 33. Kg2 e2 34. Ba5
Bd7 35. Rxe8+ Bxe8 36. Bxe2 Bxc5 37. Kf3 Bd7 38. Bc7 Kf7 39. h4 Bf5 40. Be5 Ke6
41. Bg7 Be4+ 42. Kf4 Bd6+ 43. Ke3 Kf5 44. Kf2 c5 45. Bf6 Be5 46. Bd8 c4 47. Bf1
Kg4 48. Ke3 c3 49. Be2+ Kxh4 50. Bf6 c2 0-1

[Event "XVI C.to Mondiale seniores femminile"]
[Site "Arvier ITA"]
[Date "2006.09.19"]
[Round "8"]
[White "Fomina, Tatyana V."]
[Black "Saunina, Ludmila"]
[Result "1/2-1/2"]
[WhiteElo "2220"]
[BlackElo "2290"]
[PlyCount "72"]
[EventDate "2006.09.11"]

1. d4 d5 2. Nc3 Bf5 3. Bg5 Nf6 4. e3 Nbd7 5. Bd3 Bxd3 6. Qxd3 c6 7. Nf3 g6 8.
O-O Bg7 9. Rfe1 O-O 10. e4 dxe4 11. Nxe4 Re8 12. Rad1 Qb6 13. b3 a5 14. c4 a4
15. h4 axb3 16. axb3 Nxe4 17. Rxe4 Nf6 18. Re2 e6 19. Ne5 h6 20. Bxf6 Bxf6 21.
h5 Bxe5 22. Rxe5 g5 23. f4 gxf4 24. Qf3 Ra1 25. c5 Qb4 26. Kh2 Rxd1 27. Qxd1
Kh7 28. Qd3+ Kg7 29. Re4 e5 30. Qh3 Re6 31. Qf5 Qxb3 32. Qg4+ Kf8 33. Rxe5 Rxe5
34. dxe5 Qe3 35. Qc8+ Kg7 36. Qg4+ Kf8 1/2-1/2

[Event "XVI C.to Mondiale seniores femminile"]
[Site "Arvier ITA"]
[Date "2006.09.19"]
[Round "8"]
[White "Hoose, Hannelore"]
[Black "Abdikasova, Panu"]
[Result "0-1"]
[WhiteElo "1828"]
[BlackElo "2035"]
[PlyCount "96"]
[EventDate "2006.09.11"]

1. e4 c5 2. c3 d5 3. Nf3 dxe4 4. Qa4+ Nc6 5. Qxe4 Nf6 6. Qd3 Bd7 7. Na3 a6 8.
Nc4 Qc7 9. Qe2 Rd8 10. d3 Bf5 11. Nce5 e6 12. d4 cxd4 13. Nxc6 d3 14. Qe5 Qxc6
15. Nd4 Qe4+ 16. Qxe4 Bxe4 17. f3 Bg6 18. Bg5 Be7 19. O-O-O e5 20. Nb3 b6 21.
Nd2 b5 22. h4 h6 23. Bxf6 gxf6 24. Ne4 f5 25. Nd2 Bc5 26. Kb1 e4 27. Nb3 Bf2
28. h5 Bh7 29. Rh3 Ke7 30. f4 Rhg8 31. Rd2 Bg3 32. Nd4 Rd6 33. a3 Kf6 34. Ne2
Bf2 35. Nc1 Bg3 36. Ne2 dxe2 37. Rxd6+ Ke7 38. Bxe2 Kxd6 39. c4 Kc5 40. cxb5
axb5 41. b4+ Kb6 42. Bd1 Bxf4 43. Bb3 Rxg2 44. Bxf7 e3 45. Rh1 e2 46. Bg6 Bxg6
47. hxg6 Rxg6 48. Kc2 Re6 0-1

[Event "XVI C.to Mondiale seniores femminile"]
[Site "Arvier ITA"]
[Date "2006.09.20"]
[Round "9"]
[White "Blagonadezhnaya, Ideya"]
[Black "Dragasevic Georgieva, Antonina"]
[Result "0-1"]
[WhiteElo "2049"]
[BlackElo "2134"]
[PlyCount "132"]
[EventDate "2006.09.11"]

1. e4 c5 2. Nf3 g6 3. g3 Bg7 4. Bg2 Nc6 5. c3 e5 6. O-O Nge7 7. d3 d6 8. Be3
O-O 9. Qd2 f5 10. Bh6 f4 11. Bxg7 Kxg7 12. d4 cxd4 13. cxd4 fxg3 14. fxg3 Bg4
15. dxe5 Qb6+ 16. Qf2 Qxf2+ 17. Rxf2 dxe5 18. Nc3 Rad8 19. Raf1 Bxf3 20. Rxf3
Rxf3 21. Rxf3 Nd4 22. Rf2 Ng8 23. Nd5 Rc8 24. Bh3 Rc1+ 25. Kg2 Re1 26. Bc8 b5
27. Bd7 Rxe4 28. Nc3 Re1 29. Nxb5 Nf6 30. Nxd4 exd4 31. Bb5 Re5 32. Bc4 Re7 33.
Rd2 Rd7 34. Kf3 g5 35. g4 h6 36. h3 a5 37. b3 Kf8 38. Re2 Re7 39. Rxe7 Kxe7 40.
a3 Kd6 41. b4 axb4 42. axb4 Ke5 43. b5 Nd7 44. Bd3 Nb6 45. Be4 Nc4 46. Bc6 d3
47. b6 d2 48. Ke2 Nxb6 49. Kxd2 Kf4 50. Ke2 Kg3 51. Bb5 Nd5 52. Bd7 Nf4+ 53.
Ke3 Nxh3 54. Bc8 Nf2 55. Bd7 Nxg4+ 56. Ke2 h5 57. Kf1 h4 58. Kg1 h3 59. Bxg4
Kxg4 60. Kh2 Kh4 61. Kg1 Kg3 62. Kh1 g4 63. Kg1 Kf3 64. Kh2 g3+ 65. Kh1 g2+ 66.
Kg1 h2+ 0-1

[Event "XVI C.to Mondiale seniores femminile"]
[Site "Arvier ITA"]
[Date "2006.09.20"]
[Round "9"]
[White "Khmiadashvili, Tamar"]
[Black "Erenska-Barlo, Hanna"]
[Result "1/2-1/2"]
[WhiteElo "2210"]
[BlackElo "2293"]
[PlyCount "99"]
[EventDate "2006.09.11"]

1. c4 e5 2. Nc3 Nf6 3. e4 Be7 4. g3 b6 5. Bg2 Bb7 6. d3 d6 7. Nge2 Nbd7 8. O-O
c6 9. f4 h5 10. h3 Qc7 11. d4 O-O-O 12. Be3 Kb8 13. d5 h4 14. dxc6 Bxc6 15. a4
hxg3 16. Nd5 Bxd5 17. cxd5 Rc8 18. Rc1 Qb7 19. Rxc8+ Rxc8 20. Nxg3 Qc7 21. Ne2
Qc4 22. Nc3 Qb4 23. Qe2 Qc4 24. Qxc4 Rxc4 25. Kh2 Rb4 26. fxe5 Nxe5 27. Rb1 Nd3
28. b3 Nc5 29. Bxc5 bxc5 30. Kg3 Nd7 31. Bf1 Bf6 32. Nb5 a6 33. Na3 Rxe4 34.
Bxa6 Be5+ 35. Kg2 Nf6 36. Bc4 Re3 37. Rh1 Ne4 38. Nb5 f5 39. h4 Rg3+ 40. Kf1
Nd2+ 41. Ke2 Nxc4 42. bxc4 Rg2+ 43. Kd3 Ra2 44. h5 Rxa4 45. h6 gxh6 46. Rxh6
Ra1 47. Nxd6 Ra3+ 48. Ke2 Bxd6 49. Rxd6 Rc3 50. Rf6 1/2-1/2

[Event "XVI C.to Mondiale seniores femminile"]
[Site "Arvier ITA"]
[Date "2006.09.20"]
[Round "9"]
[White "Lebel Arias, Julia"]
[Black "Hoose, Hannelore"]
[Result "1/2-1/2"]
[WhiteElo "1965"]
[BlackElo "1828"]
[PlyCount "94"]
[EventDate "2006.09.11"]

1. d4 Nf6 2. Bg5 e6 3. e4 Be7 4. Nc3 c6 5. Nf3 d6 6. Bd3 Nbd7 7. O-O O-O 8. a4
c5 9. Bb5 cxd4 10. Qxd4 a6 11. Be2 e5 12. Qd2 h6 13. Bxf6 Nxf6 14. h3 Be6 15.
a5 Rc8 16. Rfe1 Rc6 17. Bd3 Qc8 18. Kh2 Nh5 19. Nd5 Bd8 20. c4 Nf6 21. b3 Nd7
22. b4 Qb8 23. Rec1 Nf6 24. Qe3 Bc8 25. Rc2 Re8 26. Rac1 Bd7 27. Kh1 Nh5 28.
Ng1 Nf6 29. g4 Nh7 30. Rf1 Nf8 31. f3 Bg5 32. Qf2 Ng6 33. Ne2 Be6 34. Nb6 Bh4
35. Qg1 Qa7 36. Rb1 Bd8 37. c5 dxc5 38. bxc5 Be7 39. Rc3 Rd8 40. Rd1 Qb8 41.
Nd5 Bg5 42. -- Ne7 43. Nb6 Nc8 44. Bc4 Na7 45. Bd5 Rc7 46. Rcd3 Nc6 47. Qe1
47... Ne7 {...} 1/2-1/2

[Event "XVI C.to Mondiale seniores femminile"]
[Site "Arvier ITA"]
[Date "2006.09.21"]
[Round "10"]
[White "Beliaeva, Natalia"]
[Black "Lebel Arias, Julia"]
[Result "1/2-1/2"]
[WhiteElo "2078"]
[BlackElo "1965"]
[PlyCount "107"]
[EventDate "2006.09.11"]

1. f4 e5 2. fxe5 d6 3. exd6 Bxd6 4. Nf3 Nf6 5. d4 Ne4 6. Nc3 f5 7. Nxe4 fxe4 8.
Bg5 Qd7 9. Ne5 Qf5 10. Qd2 O-O 11. O-O-O Bxe5 12. dxe5 Nc6 13. g3 Be6 14. h4
Qxe5 15. Bf4 Qc5 16. Qe3 Qa5 17. a3 Nb4 18. Bg2 Na2+ 19. Kb1 Rfe8 20. Bxe4 Nb4
21. Qf3 Nc6 22. Bd5 Bxd5 23. Rxd5 Qb6 24. Rhd1 Re7 25. Rd7 Rxd7 26. Rxd7 Qg1+
27. Ka2 Qc5 28. Bxc7 Qc4+ 29. Qb3 Qxb3+ 30. Kxb3 Re8 31. Rd2 Re4 32. Ka2 Nd4
33. e3 Nf3 34. Rd8+ Kf7 35. Bf4 Re7 36. Rc8 h6 37. Rc7 g5 38. hxg5 hxg5 39.
Rxe7+ Kxe7 40. Bb8 a6 41. c4 Ke6 42. b4 Nd2 43. c5 Kd5 44. Bd6 Nf1 45. Kb3 Nxe3
46. a4 Nc4 47. Be7 Nd2+ 48. Kc2 Ne4 49. Kd3 Nxg3 50. Bxg5 Ne4 51. Be3 Nf6 52.
Bg5 Ne4 53. Be3 Nf6 54. Bf2 1/2-1/2

[Event "XVI C.to Mondiale seniores femminile"]
[Site "Arvier ITA"]
[Date "2006.09.21"]
[Round "10"]
[White "Dragasevic Georgieva, Antonina"]
[Black "Abdikasova, Panu"]
[Result "1-0"]
[WhiteElo "2134"]
[BlackElo "2035"]
[PlyCount "133"]
[EventDate "2006.09.11"]

1. e4 c5 2. Nf3 Nc6 3. c3 d5 4. exd5 Qxd5 5. d4 Bg4 6. Be2 cxd4 7. cxd4 e6 8.
O-O Nf6 9. Nc3 Qd7 10. Be3 Rd8 11. Qa4 Bxf3 12. Bxf3 Nxd4 13. Qxd4 Qxd4 14.
Bxd4 Rxd4 15. Bxb7 Bc5 16. Rac1 Bb6 17. Nb5 Rd8 18. b4 Ke7 19. a4 Rb8 20. Bf3
Rhd8 21. Rfd1 Rxd1+ 22. Rxd1 e5 23. Nd6 g6 24. b5 Bd4 25. Nc4 Rc8 26. Na5 Bb6
27. Nc6+ Ke6 28. a5 Bc5 29. Rc1 Kd6 30. Rd1+ Ke6 31. Re1 Nd7 32. Bd1 f5 33.
Bb3+ Kf6 34. Rd1 Rc7 35. Bd5 e4 36. Kf1 Ne5 37. Nxe5 Kxe5 38. Bc6 Bd4 39. Rb1
g5 40. Rb4 Bc5 41. Rc4 Kd6 42. Ke2 a6 43. Be8 axb5 44. Bxb5 Rb7 45. Ba4 Rb2+
46. Rc2 Rb4 47. Ra2 f4 48. Bc2 Kd5 49. a6 Ba7 50. Ra5+ Kc6 51. Rxg5 Rb2 52. Kd1
Bxf2 53. Bxe4+ Kb6 54. Bxh7 Kxa6 55. Be4 Kb6 56. Rf5 Be3 57. h4 Rb4 58. Bf3 Bf2
59. h5 Bg3 60. h6 Rd4+ 61. Ke2 Rd7 62. Be4 Re7 63. Kf3 Be1 64. Rf6+ Kc7 65. h7
Re8 66. Kxf4 Bc3 67. Rc6+ 1-0

[Event "XVI C.to Mondiale seniores femminile"]
[Site "Arvier ITA"]
[Date "2006.09.21"]
[Round "10"]
[White "Fatalibekova, Elena"]
[Black "Saunina, Ludmila"]
[Result "1-0"]
[WhiteElo "2264"]
[BlackElo "2290"]
[PlyCount "149"]
[EventDate "2006.09.11"]

1. d4 Nf6 2. c4 e6 3. Nc3 Bb4 4. e3 c5 5. a3 Bxc3+ 6. bxc3 d5 7. Nf3 O-O 8. Bd3
Nc6 9. O-O dxc4 10. Bxc4 Qc7 11. Ba2 Rd8 12. Qe2 e5 13. Ng5 Rf8 14. d5 Na5 15.
Rd1 Qd6 16. e4 h6 17. Nf3 Bd7 18. c4 Rfe8 19. Bb2 b6 20. Bc3 Ba4 21. Re1 Nd7
22. Nh4 Nb7 23. Nf5 Qg6 24. Qd3 Nd6 25. Re3 Nxf5 26. exf5 Qd6 27. Rae1 Re7 28.
Bb1 f6 29. Qe2 Rae8 30. Be4 Nf8 31. Bf3 Rd8 32. Bh5 Be8 33. Rg3 Qd7 34. Bxe8
Qxe8 35. Re3 Qd7 36. Qd3 Rf7 37. Qe4 Nh7 38. h4 Nf8 39. f4 exf4 40. Qxf4 Qd6
41. Qxd6 Rxd6 42. Re8 b5 43. Rc8 bxc4 44. Rxc5 Rfd7 45. Bb4 Kf7 46. Rc8 Rd8 47.
Rxd8 Rxd8 48. Re7+ Kg8 49. Rxa7 g6 50. fxg6 Nxg6 51. d6 Ne5 52. Rc7 Nd3 53.
Rxc4 Nxb4 54. axb4 Rxd6 55. Rc1 Rd4 56. Rb1 Rxh4 57. b5 Re4 58. b6 Re8 59. b7
Rb8 60. Kf2 Kf7 61. Kf3 Kg6 62. Kf4 h5 63. Rb5 Kg7 64. Kg3 Kh6 65. Kh4 Kg6 66.
g3 Kf7 67. Kxh5 Ke6 68. Kg4 f5+ 69. Kf4 Kd6 70. Kxf5 Kc6 71. Rb1 Kc7 72. Kf6
Kd6 73. g4 Rf8+ 74. Kg7 Rb8 75. Kf7 1-0

[Event "XVI C.to Mondiale seniores femminile"]
[Site "Arvier ITA"]
[Date "2006.09.21"]
[Round "10"]
[White "Khmiadashvili, Tamar"]
[Black "Blagonadezhnaya, Ideya"]
[Result "1-0"]
[WhiteElo "2210"]
[BlackElo "2049"]
[PlyCount "55"]
[EventDate "2006.09.11"]

1. c4 g6 2. Nc3 Bg7 3. g3 Nf6 4. Bg2 c6 5. e4 d6 6. Nge2 O-O 7. O-O Be6 8. d3
Qc8 9. Nf4 Bd7 10. d4 e5 11. dxe5 dxe5 12. Nd3 Bh3 13. Be3 Bxg2 14. Kxg2 Nbd7
15. f3 Re8 16. a4 b6 17. a5 Bf8 18. b4 Qc7 19. Qc2 Rec8 20. Qa2 a6 21. axb6
Nxb6 22. c5 Nbd7 23. Na4 a5 24. Nb6 Nxb6 25. cxb6 Qd7 26. Nxe5 axb4 27. Qxa8
Rxa8 28. Nxd7 1-0

[Event "XVI C.to Mondiale seniores femminile"]
[Site "Arvier ITA"]
[Date "2006.09.22"]
[Round "11"]
[White "Abdikasova, Panu"]
[Black "Beliaeva, Natalia"]
[Result "1-0"]
[WhiteElo "2035"]
[BlackElo "2078"]
[PlyCount "131"]
[EventDate "2006.09.11"]

1. d4 c6 2. e4 d6 3. Nf3 Bg4 4. Be2 Nf6 5. Nc3 Nbd7 6. O-O e5 7. Be3 Be7 8. Qd2
Qc7 9. Rfd1 O-O 10. h3 Bh5 11. a3 a5 12. d5 Rfd8 13. Qe1 Bg6 14. Nd2 cxd5 15.
exd5 Bxc2 16. Rdc1 Bg6 17. Nb5 Qb8 18. Nc7 b6 19. Nxa8 Qxa8 20. Nc4 Nxd5 21.
Rd1 Nxe3 22. Nxe3 Nf6 23. Nc4 Qb8 24. Qc3 Rc8 25. Qg3 Nh5 26. Qe3 Nf4 27. Bf1
Rc5 28. b4 axb4 29. axb4 Nd5 30. Qd2 Rxc4 31. Bxc4 Nc7 32. Bd5 h6 33. Bc6 Kh7
34. Ra3 Ne6 35. b5 Nd4 36. Ra8 Qc7 37. Be8 Bg5 38. Qa2 Qe7 39. Bc6 Qf6 40. Rb8
e4 41. Qa8 Bf5 42. Bxe4 Nxb5 43. Rh8+ Kg6 44. g4 Bh4 45. Bxf5+ Kg5 46. Qd8 Kf4
47. Qxf6 Bxf6 48. Rb8 Nc3 49. Re1 Bd4 50. Kg2 g6 51. Bd3 d5 52. Rf8 f6 53. Bxg6
b5 54. Bd3 b4 55. Rb8 Bc5 56. Re6 Kg5 57. Rg8+ Kf4 58. Rxf6+ Ke5 59. Rxh6 Nd1
60. Rh5+ Kd4 61. Bc2 Nc3 62. Rb8 Ne2 63. Rf5 Kc3 64. Ba4 Kd4 65. Bb3 Nc3 66.
Rd8 1-0

[Event "XVI C.to Mondiale seniores femminile"]
[Site "Arvier ITA"]
[Date "2006.09.22"]
[Round "11"]
[White "Erenska-Barlo, Hanna"]
[Black "Dragasevic Georgieva, Antonina"]
[Result "1-0"]
[WhiteElo "2293"]
[BlackElo "2134"]
[PlyCount "69"]
[EventDate "2006.09.11"]

1. e4 c5 2. Nf3 g6 3. c3 Bg7 4. Bc4 Nc6 5. O-O d6 6. d3 Nf6 7. Re1 O-O 8. Bg5
Na5 9. Nbd2 Bd7 10. Qe2 Nxc4 11. dxc4 Re8 12. h3 Qc7 13. Qe3 b6 14. Bh6 Bc6 15.
e5 dxe5 16. Nxe5 Bb7 17. Bxg7 Kxg7 18. Qf4 Rad8 19. Nf1 Rf8 20. Nxg6 Qc6 21.
Nh4 Kh8 22. Rxe7 Rg8 23. Rxb7 Nh5 24. Qxf7 Rg7 25. Qxh5 Qxb7 26. Qe5 Rdg8 27.
Ng3 Qe7 28. Qxe7 Rxe7 29. Rd1 Rge8 30. Kf1 Kg8 31. Nhf5 Re6 32. f3 Re5 33. Kf2
h5 34. Rd7 Re1 35. Ne4 1-0